000 01083naa a22002897a 4500
001 BR8105188
003 BR-BrBNA
005 20240918174833.0
007 ta
008 230509b bl.||||| |||| 00| 0 por d
040 _aBR-BrBNA
_bpor
_cBiblioteca Nacional de Agricultura
041 _a(Pt)
072 _aP05
_b/G514
090 _aP05 BR8105188
100 1 _aPimentel, P.R.S.
100 1 _aManso Filho, J.B.
100 1 _aMachado, W.M.
111 1 _a2. Congresso Brasileiro de Energia
_cRio de Janeiro, RJ (Brazil)
_dApr 1981
245 1 _aO controle de velocidade de motores assincromos proporcionara ampla economia de energia eletrica [Brasil]
260 3 _aRio de Janeiro, RJ (Brasil):
_c1981.
500 _aAnais do 2. Congresso Brasileiro de Energia Rio de Janeiro, RJ (Brasil): 1981. v. 3 p. 899-908 (BR8105188-AM)P05
650 _aENERGIA ELETRICA
650 _aMOTOR
773 0 _tAnais do 2. Congresso Brasileiro de Energia
_wP05 BR8105188
_gRio de Janeiro, RJ (Brasil), 1981. v. 3 p. 899-908
909 _a202404
_bLucia
_c55
_dLucia Elande
942 _cAM
_2AGRIS
999 _c313916
_d313916